Statystyki dla Test z wiedzy o społeczeństwie

Kliknij tutaj aby rozwiązać quiz!

Ogólne statystyki

  • Ten quiz został rozwiązany 152 razy
  • Średni wynik to 12 z 15

Statystyki odpowiedzi

pytanie/definicjaodpowiedź% Poprawnych
Ile lat trwa kadencja prezydenta?5
99%
Przez ile kadencji ktoś może maksymalnie obejmować urząd prezydenta?2
98%
Ile jest Województw?16
97%
Rozwiń skrót UEUnia Europejska
96%
Te wyżej zaś składają się z?Gmin
95%
Województwa składają się z?Powiatów
94%
Kto jest "szefem" rządu?Prezes Rady Ministrów
88%
Rozwiń skrót ONZOrganizacja Narodów Zjednoczonych
87%
Ilu senatorów ma Senat?100
77%
Ilu posłów ma Sejm?460
74%
Kto zarządza poszczególnymi ministerstwamiMinistrowie
71%
Mniejszość jakiego kraju/narodu ma swoje przedstawicielstwo w polskim parlamencie?Niemiec
69%
Rozwiń skrót NATO (Polska lub angielska nazwa)Pakt Północnoatlantycki
56%
Rozwiń skrót RPORzecznik praw obywatelskich
40%
Wspólne posiedzenie posłów i senatorów to?Zgromadzenie narodowe
39%

Rozkład punktacji

Percentyl według liczby udzielonych odpowiedzi

Procent ludzi z każdym wynikiem

Twoja historia wyników

Nie rozwiązałeś tego quizu